Statistiques concernant Sondage: Quel jour de la semaine préférez vous ?

Cliquez ici pour prendre le quiz!

Statistiques générales

  • Ce quiz a été pris 77 fois
  • Le résultat moyen est 3 sur 7

Statistiques - réponses

NomRéponsesMa réponse% Correct
FSamediF
63%
EVendrediE
55%
ALundiA
34%
DJeudiD
32%
BMardiB
29%
GDimancheG
29%
CMercrediC
27%

Distribution des résultats

Percentile par nombre de réponses

% des personnes avec chaque résultat

Votre développement - résultats

Vous n’avez pas pris ce quiz